000 00767nam a2200265 4500
003 OSt
005 20161102122511.0
008 s2003 fr fre u
020 _a2701134951
040 _aLB-BrCRDP
_ckk
082 1 _a3e
_bSVT
100 1 _aChapron, Gérard
245 1 0 _aSciences de la vie et de la terre - 3e
_cGérard Chapron, Anne Duco
260 _aParis
_bBelin
_c2003
300 _a287 p.
_bcouv. couleur, ill. coul.
_c29 cm
500 _aClasse de 3e. Table des matières. Glossaire. Planches en couleurs.
650 4 _aHérédité
650 4 _aImmunologie
650 4 _aSystème nerveux
650 4 _aNutrition
650 4 _aSanté
700 1 _aDuco, Anne
942 _cBK
_2ddc
999 _c7
_d7